Countries Formed in the 21st Century - Statistics

General Stats
  • This quiz has been taken 248 times
  • The average score is 4 of 5
Answer Stats
Year Answer % Correct
2011 South Sudan
91%
2008 Kosovo
83%
2006 Serbia
75%
2006 Montenegro
69%
2002 East Timor
50%
No matching quizzes found
Score Distribution
Percent of People with Each Score
Percentile by Number Answered
Your Score History
You have not taken this quiz